Представление документа в формате RUSMARC

ПолеНазваниеЗначение
  Тип записи a
  Библиографический уровень a
001 Контрольный номер d14f385338124af4b8568496d40f18fe
005 Дата корректировки 20240328134747.5
100 Данные общей обработки __
a Данные общей обработки 20240328 ||| 0rusy0189 ca
101 Язык документа 0_
a Язык текста rus
102 Страна публикации __
a Страна публикации RU
200 Заглавие и сведения об ответственности 1_
a Заглавие Приложения для вдохновения
e Сведения, относящиеся к заглавию [приложения-мотиваторы: АVE: саморазвитие и цели, Motivation - Цитаты каждый день]
f Первые сведения об ответственности К. Клаус
461 Уровень набора _0
1 2000
a Маруся
463 Уровень физической единицы _0
1 2000
a № 3 (371)
v С. 23 : ил.
1 2101
d 2024
1 001dd1ab0c651f04d7d97bf97e899d2a095
606 Тематические рубрики 0_
a Основная рубрика Программирование - Мобильные приложения
610 Ключевые слова 0_
a Ключевые слова мобильные приложения, мотиваторы, цитаты, саморазвитие, AVE (приложение), Motivation (приложение)
686 Индексы других классификаций __
a Классификационный индекс 32.973
700 Автор _1
a Фамилия Клаус
b Имя (инициалы) К.
g Полное личное имя Катерина
801 Источник записи _0
a Страна RU
b Организация УОБДЮ
c Дата составления 20240328
g Правила каталогизации RCR
801 Источник записи _1
a Страна RU
b Организация УОБДЮ
c Дата составления 20240328
g Правила каталогизации RCR
901 Тип документа __
t Тип документа b
w Контрольный № источника dd1ab0c651f04d7d97bf97e899d2a095
905 Данные по созданию БЗ __
b Логин пользователя, который создал БЗ ibo4
909 Создатель записи __
a Создатель записи Бобылёва И.В.
910 Корректоры записи __
a Корректор записи Бобылёва И.В.